| 000 | 01547cam a22003374a 4500 | ||
|---|---|---|---|
| 001 | 14326495 | ||
| 005 | 20070821115609.0 | ||
| 008 | 060403s2006 inua 001 0 eng | ||
| 010 | _a 2006011219 | ||
| 015 |
_aGBA627478 _2bnb |
||
| 016 | 7 |
_a013414721 _2Uk |
|
| 020 | _a0471777099 (pbk.) | ||
| 020 | _a9780471777090 (pbk.) | ||
| 035 | _a(OCoLC)ocm65521548 | ||
| 040 |
_aDLC _cDLC _dBAKER _dC#P _dUKM _dYDXCP _dOCLCQ _dBTCTA _dMUQ _dDLC |
||
| 042 | _apcc | ||
| 050 | 0 | 0 |
_aQA76.9.D37 _bA333 2006 |
| 082 | 0 | 0 |
_a005.74 _222 _bADA |
| 100 | 1 |
_aAdamson, Christopher, _d1967- _911482 |
|
| 245 | 1 | 0 |
_aMastering data warehouse aggregates : _bsolutions for star schema performance / _cChristopher Adamson. |
| 260 |
_aIndianapolis, IN : _bWiley Pub., _cc2006. |
||
| 300 |
_axxx, 345 p. : _bill. ; _c24 cm. |
||
| 500 | _aIncludes index. | ||
| 650 | 0 |
_aData warehousing. _911483 |
|
| 856 | 4 | 1 |
_3Table of contents _uhttp://www.loc.gov/catdir/toc/ecip0611/2006011219.html |
| 856 | 4 | 2 |
_3Publisher description _uhttp://www.loc.gov/catdir/enhancements/fy0650/2006011219-d.html |
| 856 | 4 | 2 |
_3Contributor biographical information _uhttp://www.loc.gov/catdir/enhancements/fy0740/2006011219-b.html |
| 942 |
_2ddc _cBB |
||
| 999 |
_c13415 _d13415 |
||